[Event "Titled Tuesday intern op 16th Apr Late"]
[Site "Chess.com INT"]
[Date "2024.04.16"]
[Round "5"]
[White "Kozak, Adam"]
[Black "Vachier Lagrave, Maxime"]
[Result "0-1"]
[WhiteElo "2610"]
[BlackElo "2732"]
[PlyCount "64"]
[EventDate "2024.04.16"]
[EventType "swiss (blitz)"]
[EventRounds "11"]
[EventCountry "USA"]
[SourceTitle "CB17_2024"]
[SourceDate "2024.04.24"]
[SourceVersion "1"]
[SourceVersionDate "2024.04.24"]
[SourceQuality "1"]

1. e4 c6 2. Nf3 d5 3. exd5 cxd5 4. Ne5 Nf6 5. d4 e6 6. Bd3 Nc6 7. c3 Bd6 8. f4 Ne4 9. 0-0 0-0 10. Nd2 f5 11. Ndf3 Bd7 12. Be3 Rc8 13. Qb3 Na5 14. Qc2 Be8 15. Rae1 Qe7 16. Kh1 Bh5 17. Qa4 Nc6 18. a3 Qc7 19. Qc2 Rf6 20. Ng5 h6 21. Nxe4 fxe4 22. Be2 Bxe2 23. Qxe2 Rcf8 24. g4 b6 25. h4 Bxe5 26. dxe5 R6f7 27. h5 Qe7 28. Kg2 Kh7 29. Kg3 Nxe5 30. g5 Nf3 31. Rxf3 exf3 32. Qc2+ Rf5 0-1

[Event "Titled Tuesday intern op 16th Apr Late"]
[Site "Chess.com INT"]
[Date "2024.04.16"]
[Round "10"]
[White "Lazavik, Denis"]
[Black "Kozak, Adam"]
[Result "1-0"]
[WhiteElo "2572"]
[BlackElo "2610"]
[PlyCount "97"]
[EventDate "2024.04.16"]
[EventType "swiss (blitz)"]
[EventRounds "11"]
[EventCountry "USA"]
[SourceTitle "CB17_2024"]
[SourceDate "2024.04.24"]
[SourceVersion "1"]
[SourceVersionDate "2024.04.24"]
[SourceQuality "1"]

1. d4 f5 2. Nf3 g6 3. g3 Bg7 4. Bg2 Nf6 5. 0-0 d6 6. c4 0-0 7. Nc3 c6 8. Qc2 Qe8 9. b4 e5 10. dxe5 dxe5 11. e4 f4 12. b5 Bg4 13. Ba3 Rf7 14. Ng5 Nbd7 15. Nxf7 Qxf7 16. c5 f3 17. Bh1 h5 18. Rfd1 Nh7 19. bxc6 bxc6 20. Rd6 Ng5 21. h4 Ne6 22. Qb3 Rb8 23. Qc4 Nd4 24. Qxf7+ Kxf7 25. Rd1 Bf8 26. R6xd4 exd4 27. Rxd4 Bg7 28. Rd3 Ne5 29. Rd4 Be6 30. Rb4 Rd8 31. Rb7+ Kg8 32. Bb4 Rd2 33. Rb8+ Kh7 34. Re8 Rc2 35. Rd8 Ng4 36. Nd1 Ne5 37. Bc3 Rxa2 38. Bxe5 Bxe5 39. Bxf3 Bb3 40. Ne3 Kh6 41. Re8 Bd4 42. e5 Bxc5 43. Bxc6 Bxe3 44. fxe3 Re2 45. e4 Re3 46. Kf2 Rc3 47. Bd5 Ba4 48. Re7 a6 49. e6 1-0

[Event "Bucharest Grand Prix op"]
[Site "Bucharest"]
[Date "2024.03.24"]
[Round "9"]
[White "Kozak, Adam"]
[Black "Korobov, Anton"]
[Result "0-1"]
[WhiteElo "2607"]
[BlackElo "2662"]
[PlyCount "58"]
[EventDate "2024.03.23"]
[EventType "swiss (rapid)"]
[EventRounds "10"]
[EventCountry "ROU"]
[SourceTitle "CB13_2024"]
[SourceDate "2024.03.27"]
[SourceVersion "1"]
[SourceVersionDate "2024.03.27"]
[SourceQuality "1"]

1. e4 c5 2. Nf3 d6 3. h3 Nf6 4. Nc3 a6 5. a4 Nc6 6. g3 g6 7. d4 cxd4 8. Nxd4 Bd7 9. Bg2 Bg7 10. 0-0 0-0 11. Nb3 Rc8 12. Nd5 Ne5 13. Re1 Nxd5 14. exd5 Rc4 15. a5 Qc8 16. f4 Bxh3 17. fxe5 Bxe5 18. Re4 Bxg2 19. Rxc4 Qxc4 20. Kxg2 Qe4+ 21. Kf2 Qf5+ 22. Kg2 Qe4+ 23. Kf2 h5 24. Qd3 Qh1 25. Bf4 Qh2+ 26. Kf3 Rc8 27. Nd4 Bxd4 28. Qxd4 Rxc2 29. Rf1 Qe2# 0-1

[Event "Bucharest Grand Prix op"]
[Site "Bucharest"]
[Date "2024.03.23"]
[Round "4"]
[White "Bulau, Andrei Cristian"]
[Black "Kozak, Adam"]
[Result "0-1"]
[WhiteElo "2142"]
[BlackElo "2607"]
[PlyCount "164"]
[EventDate "2024.03.23"]
[EventType "swiss (rapid)"]
[EventRounds "10"]
[EventCountry "ROU"]
[SourceTitle "CB13_2024"]
[SourceDate "2024.03.27"]
[SourceVersion "1"]
[SourceVersionDate "2024.03.27"]
[SourceQuality "1"]

1. d4 Nf6 2. c4 e6 3. Nc3 Bb4 4. Qc2 c5 5. dxc5 0-0 6. Nf3 Na6 7. g3 Nxc5 8. Bg2 Nce4 9. 0-0 Bxc3 10. bxc3 Qc7 11. Bf4 Qc5 12. Ne5 d6 13. Nd3 Qxc4 14. Nb2 Qc6 15. Rfd1 d5 16. c4 Re8 17. Qb3 Qc5 18. Be3 Qe7 19. Rac1 b6 20. cxd5 exd5 21. Nd3 Ba6 22. Bd4 Rac8 23. Qb2 Qf8 24. Rxc8 Rxc8 25. Nf4 Bc4 26. Nxd5 Bxd5 27. Bxf6 Nxf6 28. Bxd5 Nxd5 29. Rxd5 Qe7 30. Qd2 h6 31. Rd7 Qe4 32. Rxa7 Qb1+ 33. Kg2 Qe4+ 34. f3 Qf5 35. Re7 b5 36. Qd7 Qxd7 37. Rxd7 Rc2 38. Rb7 Rxe2+ 39. Kh3 Re5 40. Kg4 f6 41. f4 Rc5 42. Kf3 h5 43. Ke4 h4 44. gxh4 Kh7 45. Kd4 Rc2 46. Rxb5 Rxa2 47. Ke4 Rxh2 48. h5 Kh6 49. Kf3 Rxh5 50. Rb8 Ra5 51. Rb7 Kg6 52. Kg3 Ra3+ 53. Kg4 Rc3 54. Ra7 Rb3 55. Rc7 Rb4 56. Ra7 Kh6 57. Kg3 Rb3+ 58. Kg4 Rb1 59. Ra6 Rg1+ 60. Kf3 Rf1+ 61. Kg3 Kg6 62. Ra5 Rb1 63. Kg4 f5+ 64. Kh4 Rg1 65. Ra6+ Kh7 66. Kh3 Rg4 67. Ra4 Kh6 68. Rb4 g6 69. Ra4 Kh5 70. Rb4 g5 71. Rb8 Rxf4 72. Rh8+ Kg6 73. Rg8+ Kf6 74. Rf8+ Kg7 75. Re8 Re4 76. Rd8 Re3+ 77. Kg2 Kg6 78. Kf2 f4 79. Rd6+ Kf5 80. Rd8 Kg4 81. Rg8 Rb3 82. Kg2 Rb2+ 0-1

[Event "HUN-ch"]
[Site "Budapest"]
[Date "2023.12.19"]
[Round "8"]
[White "Kozak, Adam"]
[Black "Csonka, Balazs"]
[Result "1/2-1/2"]
[WhiteElo "2588"]
[BlackElo "2485"]
[PlyCount "166"]
[EventDate "2023.12.12"]
[EventType "swiss"]
[EventRounds "9"]
[EventCountry "HUN"]
[SourceTitle "CB52_2023"]
[SourceDate "2023.12.27"]
[SourceVersion "1"]
[SourceVersionDate "2023.12.27"]
[SourceQuality "1"]

1. e4 c6 2. Nf3 d5 3. Nc3 dxe4 4. Nxe4 Nf6 5. Qe2 Nxe4 6. Qxe4 Be6 7. b3 Nd7 8. Bb2 Nf6 9. Qe2 Bf5 10. 0-0-0 e6 11. Ne5 h5 12. Qe1 Qc7 13. Bd3 Bxd3 14. Nxd3 Nd5 15. Kb1 0-0-0 16. Qe4 h4 17. f4 Rh5 18. g4 hxg3 19. hxg3 Rxh1 20. Rxh1 g5 21. fxg5 Qxg3 22. Ne5 Qf2 23. Qd4 Qxd4 24. Bxd4 f6 25. gxf6 c5 26. Be3 Nxf6 27. Bg5 Bg7 28. Ng6 Re8 29. c3 Nd5 30. c4 Nb4 31. Ne7+ Kb8 32. a3 Na6 33. Ng6 Ka8 34. Nf4 Be5 35. Rh7 Bxf4 36. Bxf4 b6 37. Be5 Nb8 38. Rc7 Na6 39. Rf7 Nb8 40. b4 Nc6 41. Bc3 cxb4 42. axb4 Re7 43. Rf8+ Kb7 44. b5 Nb8 45. Bf6 Rh7 46. Re8 a6 47. Rxe6 axb5 48. cxb5 Nd7 49. Re7 Rh1+ 50. Kc2 Kc8 51. Bg5 Rh5 52. Rg7 Nc5 53. Rg8+ Kd7 54. Rg7+ Kc8 55. Be3 Ne6 56. Re7 Nc7 57. Bxb6 Nxb5 58. Rg7 Rd5 59. d3 Rd7 60. Rg5 Nd6 61. Bc5 Kc7 62. Rh5 Kc6 63. Be3 Rf7 64. Rc5+ Kd7 65. Ra5 Rf5 66. Ra6 Rh5 67. Bf4 Rd5 68. Ra4 Nb5 69. Be3 Rh5 70. d4 Rh2+ 71. Kd3 Rh3 72. Ra5 Nc3 73. Ra7+ Kc6 74. Ra6+ Kd7 75. Kxc3 Rxe3+ 76. Kc4 Rh3 77. Kc5 Rh1 78. Rg6 Rh2 79. Rd6+ Kc7 80. Ra6 Kd7 81. Ra7+ Kd8 82. Ra1 Rh5+ 83. d5 Rh6 1/2-1/2

[Event "Sant Boi de Llobregat op 4th"]
[Site "Sant Boi de Llobregat"]
[Date "2023.12.06"]
[Round "7"]
[White "Kozak, Adam"]
[Black "Madaminov, Mukhiddin"]
[Result "1-0"]
[WhiteElo "2588"]
[BlackElo "2494"]
[PlyCount "81"]
[EventDate "2023.11.30"]
[EventType "swiss"]
[EventRounds "9"]
[EventCountry "ESP"]
[SourceTitle "CB50_2023"]
[SourceDate "2023.12.13"]
[SourceVersion "1"]
[SourceVersionDate "2023.12.13"]
[SourceQuality "1"]

1. Nf3 Nf6 2. g3 g6 3. b3 Bg7 4. Bb2 0-0 5. Bg2 d6 6. d4 b5 7. 0-0 Bb7 8. Qd3 a6 9. c4 bxc4 10. bxc4 Nbd7 11. Nbd2 Rb8 12. Rab1 e6 13. e4 Qe7 14. Ba3 c5 15. d5 Rfe8 16. Rfe1 Ng4 17. h3 Nge5 18. Nxe5 Nxe5 19. Qc2 g5 20. Rb3 Ba8 21. Rf1 Rxb3 22. axb3 Bb7 23. b4 cxb4 24. Bxb4 Rc8 25. Qb3 h5 26. f4 a5 27. Bxd6 Qxd6 28. Qxb7 Rb8 29. Qa7 gxf4 30. c5 Qf8 31. gxf4 Ra8 32. Qb7 Rb8 33. Qa6 Qxc5+ 34. Kh1 Qe3 35. fxe5 Qxd2 36. dxe6 fxe6 37. Qxe6+ Kh8 38. Qf5 Qh6 39. e6 Rf8 40. e7 Re8 41. Qf7 1-0

[Event "Sant Boi de Llobregat op 4th"]
[Site "Sant Boi de Llobregat"]
[Date "2023.12.05"]
[Round "6"]
[White "Bharath, Subramaniyam H"]
[Black "Kozak, Adam"]
[Result "1/2-1/2"]
[WhiteElo "2504"]
[BlackElo "2588"]
[PlyCount "87"]
[EventDate "2023.11.30"]
[EventType "swiss"]
[EventRounds "9"]
[EventCountry "ESP"]
[SourceTitle "CB50_2023"]
[SourceDate "2023.12.13"]
[SourceVersion "1"]
[SourceVersionDate "2023.12.13"]
[SourceQuality "1"]

1. e4 c5 2. Nf3 d6 3. Nc3 a6 4. d4 cxd4 5. Nxd4 Nf6 6. Bc4 e6 7. 0-0 Be7 8. a4 Nc6 9. Be3 Bd7 10. Qe2 Rc8 11. Nxc6 Bxc6 12. a5 Nd7 13. f4 0-0 14. f5 exf5 15. Rxf5 g6 16. Rf2 Bh4 17. g3 Bf6 18. Raf1 Bxc3 19. Rxf7 Rxf7 20. Bxf7+ Kg7 21. bxc3 Ne5 22. Bd4 Qc7 23. Qf2 Qe7 24. Bd5 Rf8 25. Qe2 Rxf1+ 26. Qxf1 Qf6 27. Qe2 Bb5 28. Qf2 Bc6 29. Qe2 Bb5 30. Qf2 Bc6 31. Kg2 Qxf2+ 32. Kxf2 Kf8 33. Bxe5 dxe5 34. c4 Ke7 35. c5 Kf6 36. Kf3 h6 37. h4 Ke7 38. c4 Kf6 39. Kg2 Ke7 40. Kh2 Kf6 41. Kh3 Ke7 42. h5 g5 43. Bxc6 bxc6 44. g4 1/2-1/2

[Event "AUT-chT 2324"]
[Site "Austria"]
[Date "2023.11.24"]
[Round "4.2"]
[White "Zilka, Stepan"]
[Black "Kozak, Adam"]
[Result "1-0"]
[WhiteElo "2609"]
[BlackElo "2578"]
[PlyCount "109"]
[EventDate "2023.11.22"]
[EventType "team-tourn"]
[EventRounds "11"]
[EventCountry "AUT"]
[SourceTitle "CB48_2023"]
[SourceDate "2023.11.29"]
[SourceVersion "1"]
[SourceVersionDate "2023.11.29"]
[SourceQuality "1"]
[WhiteTeam "Mistelbach"]
[BlackTeam "Fuerstenfeld/Hartberg"]
[WhiteTeamCountry "AUT"]
[BlackTeamCountry "AUT"]

1. e4 e6 2. d4 d5 3. Nc3 Nf6 4. Bg5 Be7 5. e5 Ne4 6. Nxe4 dxe4 7. Bxe7 Qxe7 8. Qe2 b6 9. 0-0-0 Bb7 10. g3 c5 11. Bg2 Nc6 12. dxc5 Nxe5 13. Bxe4 0-0 14. Nh3 Bxe4 15. Qxe4 Qxc5 16. Ng5 Nd3+ 17. Rxd3 Qxg5+ 18. f4 Qe7 19. Rhd1 Rad8 20. a4 Rxd3 21. Rxd3 g6 22. Qd4 Rc8 23. b3 Qc7 24. Rd2 a6 25. g4 b5 26. h4 Qc5 27. Qxc5 Rxc5 28. axb5 axb5 29. Kb2 e5 30. fxe5 Rxe5 31. Kc3 h5 32. Kd4 f6 33. Rf2 Kg7 34. g5 Re6 35. Kd5 Re5+ 36. Kd4 Re6 37. c4 bxc4 38. bxc4 fxg5 39. hxg5 Re8 40. c5 Rf8 41. Rc2 Kf7 42. c6 Ke7 43. Kc5 Rf1 44. Rd2 Rc1+ 45. Kb6 Rb1+ 46. Kc7 h4 47. Re2+ Kf7 48. Rh2 Ke6 49. Rxh4 Kf5 50. Rc4 Kxg5 51. Kd6 Rb6 52. Ke7 Kf5 53. Rc5+ Kf4 54. c7 Rb7 55. Kf6 1-0

[Event "EU-chT 24th"]
[Site "Budva"]
[Date "2023.11.17"]
[Round "6.3"]
[White "Bartel, Mateusz"]
[Black "Kozak, Adam"]
[Result "1/2-1/2"]
[WhiteElo "2651"]
[BlackElo "2578"]
[PlyCount "135"]
[EventDate "2023.11.11"]
[EventType "team-swiss"]
[EventRounds "9"]
[EventCountry "MNE"]
[SourceTitle "CB47_2023"]
[SourceDate "2023.11.22"]
[SourceVersion "1"]
[SourceVersionDate "2023.11.22"]
[SourceQuality "1"]
[WhiteTeam "Poland"]
[BlackTeam "Hungary"]
[WhiteTeamCountry "POL"]
[BlackTeamCountry "HUN"]

1. e4 e5 2. Nf3 Nc6 3. d4 exd4 4. Nxd4 Nf6 5. Nxc6 bxc6 6. e5 Qe7 7. Qe2 Nd5 8. h4 Qe6 9. g3 d6 10. c4 Nb6 11. Bg2 dxe5 12. Nd2 Be7 13. b3 0-0 14. Bb2 f6 15. 0-0 Rb8 16. Bc3 c5 17. Rae1 Qg4 18. Qxg4 Bxg4 19. f4 Nd7 20. Bd5+ Kh8 21. Nf3 Bxf3 22. Rxf3 Bd6 23. Bc6 Rfd8 24. Kf2 Kg8 25. Rd3 Rb6 26. Bd5+ Kf8 27. Be6 Ra6 28. Rd2 Ke7 29. Bd5 Re8 30. g4 Kd8 31. f5 h6 32. Kf3 Rh8 33. Be4 Ke7 34. Rg1 Nb8 35. Rdg2 Nc6 36. Bxc6 Rxc6 37. Ke4 Kd7 38. Rd1 Rb6 39. Be1 Kc6 40. Rd5 Rbb8 41. Rb2 Rb7 42. Ba5 Rg8 43. Rd3 Be7 44. Rbd2 Bd6 45. Rh2 Rh8 46. Be1 Rbb8 47. Rb2 Be7 48. Rbd2 Bd6 49. Rg2 Be7 50. Bc3 Bd6 51. Bd2 Be7 52. Be3 Bd6 53. Rb2 Rb7 54. Rd1 Be7 55. Rdb1 Bd6 56. a3 Rhb8 57. Bd2 a6 58. b4 cxb4 59. axb4 Be7 60. Bc3 Bd6 61. Bd2 Be7 62. Be1 Rd8 63. Bc3 Rdb8 64. Bd2 Kd7 65. Bc3 Kc6 66. Be1 Kd7 67. Bc3 Kc6 68. Be1 1/2-1/2

[Event "FIDE Grand Swiss"]
[Site "Douglas"]
[Date "2023.10.25"]
[Round "1"]
[White "Kozak, Adam"]
[Black "Volokitin, Andrei"]
[Result "1/2-1/2"]
[WhiteElo "2566"]
[BlackElo "2664"]
[PlyCount "82"]
[EventDate "2023.10.25"]
[EventType "swiss"]
[EventRounds "11"]
[EventCountry "IOM"]
[SourceTitle "Mega2024 Update 01"]
[Source "Chessbase"]
[SourceDate "2023.11.12"]
[SourceVersion "1"]
[SourceVersionDate "2023.11.12"]
[SourceQuality "1"]

1. d4 Nf6 2. c4 e6 3. Nf3 d5 4. Nc3 Bb4 5. e3 0-0 6. Bd2 b6 7. Rc1 Bb7 8. a3 Be7 9. cxd5 exd5 10. g3 a5 11. Bg2 Ba6 12. Ne5 Bd6 13. Nxd5 Bxe5 14. Nxf6+ Bxf6 15. Bxa8 c6 16. Qf3 Re8 17. Kd1 Bd3 18. Qg2 Be4 19. f3 Bd5 20. Rc3 b5 21. e4 Bc4 22. d5 cxd5 23. Bxd5 Bxc3 24. Bxc3 Bxd5 25. exd5 Qxd5+ 26. Kc1 Nc6 27. Re1 Rxe1+ 28. Bxe1 Nd4 29. Bc3 Nb3+ 30. Kc2 Na1+ 31. Kb1 Qd1+ 32. Ka2 Nb3 33. f4 h5 34. Bxa5 Nc1+ 35. Kb1 Ne2+ 36. Ka2 Qc2 37. Qd5 Nc1+ 38. Ka1 Nb3+ 39. Ka2 Nc1+ 40. Ka1 Nb3+ 41. Ka2 Nc1+ 1/2-1/2

[Event "AI Cup Play In"]
[Site "Chess.com INT"]
[Date "2023.09.18"]
[Round "9"]
[White "Kozak, Adam"]
[Black "Nesterov, Arseniy"]
[Result "1-0"]
[WhiteElo "2566"]
[BlackElo "2575"]
[PlyCount "231"]
[EventDate "2023.09.18"]
[EventType "swiss (rapid)"]
[EventRounds "9"]
[EventCountry "USA"]
[SourceTitle "EXT 2024"]
[Source "ChessBase"]
[SourceDate "2023.10.10"]
[SourceVersion "1"]
[SourceVersionDate "2023.10.10"]
[SourceQuality "1"]

1. e4 e5 2. Nf3 Nc6 3. Bb5 a6 4. Ba4 b5 5. Bb3 Na5 6. 0-0 d6 7. d4 exd4 8. Nxd4 Bb7 9. Bd2 c5 10. Qe1 Nxb3 11. Nxb3 Rc8 12. Nc3 Be7 13. Bf4 b4 14. Nd5 Bxd5 15. exd5 Nf6 16. Rd1 0-0 17. Qe2 c4 18. Nd4 Nxd5 19. Bg3 Qd7 20. Qf3 Nb6 21. Nf5 d5 22. Be5 f6 23. Bd4 Bc5 24. Rfe1 Rfe8 25. Rxe8+ Qxe8 26. Bxc5 Rxc5 27. Qg3 Qd7 28. Qe3 Na4 29. b3 cxb3 30. axb3 Rc3 31. Qe2 Nb6 32. Qxa6 Qxf5 33. Qxb6 Rxc2 34. h3 h5 35. Rf1 Qe4 36. Rd1 Rd2 37. Rc1 Qd4 38. Qd8+ Kh7 39. Rf1 Rd1 40. Rxd1 Qxd1+ 41. Kh2 Qxb3 42. Qe8 Qd1 43. f3 Qd2 44. Qxh5+ Qh6 45. Qxd5 Qf4+ 46. g3 Qe5 47. Qd3+ f5 48. h4 Kh6 49. Kh3 f4 50. g4 g6 51. Qd7 g5 52. hxg5+ Kxg5 53. Qd8+ Kg6 54. Qb6+ Kg5 55. Qxb4 Qh8+ 56. Kg2 Qe5 57. Qd2 Qc5 58. Qe2 Qd5 59. Kh3 Qd4 60. Qe6 Qa1 61. Qf5+ Kh6 62. Qxf4+ Kh7 63. Qe3 Kg6 64. Kg3 Kf7 65. Qe4 Qg1+ 66. Kf4 Qh2+ 67. Ke3 Qg1+ 68. Ke2 Qg2+ 69. Kd3 Qf1+ 70. Qe2 Qb1+ 71. Ke3 Qb6+ 72. Kf4 Qc7+ 73. Qe5 Qc1+ 74. Kf5 Qc8+ 75. Kg5 Qd8+ 76. Kf4 Qd2+ 77. Kg3 Qd1 78. Qf5+ Kg7 79. Qg5+ Kf7 80. Qe3 Kg6 81. f4 Kf7 82. f5 Qd6+ 83. Kf3 Qc6+ 84. Kf2 Qh1 85. Qe6+ Kf8 86. Qf6+ Kg8 87. Qg5+ Kf7 88. Qf4 Qb1 89. g5 Qc2+ 90. Kg3 Qd3+ 91. Kh4 Qd1 92. Qc7+ Kg8 93. Qc8+ Kg7 94. f6+ Kg6 95. Qg8+ Kf5 96. Qc8+ Kf4 97. Qc4+ Kf5 98. Qc5+ Kg6 99. Qe3 Qh1+ 100. Kg3 Qd5 101. Kg4 Qf5+ 102. Kh4 Qd5 103. Kg3 Qh1 104. Kf2 Qh2+ 105. Ke1 Qc2 106. Kf1 Qh2 107. Qf3 Qa2 108. Qf4 Qb1+ 109. Kg2 Qc2+ 110. Kg3 Qc3+ 111. Qf3 Qe1+ 112. Kh3 Qe6+ 113. Kh4 Qc4+ 114. Qg4 Qd3 115. Qh5+ Kf5 116. Qh7+ 1-0

[Event "AI Cup Play In Match"]
[Site "Chess.com INT"]
[Date "2023.09.18"]
[Round "1.2"]
[White "Kozak, Adam"]
[Black "Tomashevsky, Evgeny"]
[Result "1/2-1/2"]
[WhiteElo "2566"]
[BlackElo "2694"]
[PlyCount "215"]
[EventDate "2023.09.18"]
[EventType "k.o. (rapid)"]
[EventRounds "1"]
[EventCountry "USA"]
[SourceTitle "EXT 2024"]
[Source "ChessBase"]
[SourceDate "2023.10.10"]
[SourceVersion "1"]
[SourceVersionDate "2023.10.10"]
[SourceQuality "1"]

1. e4 e5 2. Nf3 Nc6 3. Bb5 a6 4. Ba4 Nf6 5. Bxc6 dxc6 6. d3 Bd6 7. Nbd2 Be6 8. h3 Nd7 9. a4 0-0 10. b3 c5 11. 0-0 Nb8 12. Bb2 Nc6 13. Nc4 f6 14. Ne3 Qd7 15. Bc3 Nd4 16. Bd2 b5 17. g4 Rfd8 18. Nxd4 cxd4 19. Nf5 Bxf5 20. gxf5 g6 21. Qf3 gxf5 22. exf5 Rab8 23. axb5 axb5 24. Ra6 Kh8 25. Kh1 Rg8 26. Bh6 Rbe8 27. Re1 Qc8 28. Ra7 Bc5 29. Ra2 Bf8 30. Bd2 Qd7 31. Ra5 Bd6 32. Ra7 Qg7 33. Raa1 Qd7 34. Ra5 Rb8 35. Ra6 Qc8 36. Rea1 Qd7 37. Bh6 Rbe8 38. R6a2 e4 39. dxe4 Qe7 40. Rg1 Qe5 41. Rg2 Rxg2 42. Qxg2 Bf8 43. Bxf8 Rxf8 44. Ra6 Qf4 45. Qg3 Qxe4+ 46. Kh2 Qe5 47. Qxe5 fxe5 48. f6 Kg8 49. Rc6 Kf7 50. Kg3 Kg6 51. Rxc7 Rxf6 52. Rc5 e4 53. Rd5 Rf3+ 54. Kg2 Rc3 55. Rxd4 Rxc2 56. Rxe4 Rc3 57. Rb4 Rc5 58. Kg3 Kf5 59. Rf4+ Kg5 60. f3 Rc3 61. h4+ Kg6 62. Rb4 Rc5 63. Re4 Kf5 64. Rf4+ Kg6 65. Rd4 h5 66. Kf4 Kf6 67. Rd6+ Ke7 68. Rb6 Kd7 69. Ke4 Kc7 70. Rh6 Rc3 71. Rxh5 Rxb3 72. Rc5+ Kd6 73. Rc8 Rb1 74. Kf5 b4 75. f4 b3 76. Rb8 b2 77. h5 Ke7 78. h6 Rh1 79. Rxb2 Rxh6 80. Kg5 Rd6 81. f5 Kf7 82. Rb7+ Kf8 83. Rh7 Kg8 84. Rc7 Kf8 85. Kf4 Ra6 86. Ke5 Rb6 87. Rc1 Ra6 88. Kf4 Rb6 89. Kg5 Kf7 90. Rh1 Ra6 91. Rh7+ Kf8 92. Rc7 Rb6 93. Rd7 Ra6 94. Rb7 Rc6 95. Kf4 Ra6 96. Ke5 Rc6 97. Rd7 Ra6 98. Rd1 Kf7 99. Rc1 Rb6 100. Ra1 Rc6 101. Kd5 Rb6 102. Ra5 Kf6 103. Ke4 Rb4+ 104. Kd5 Kxf5 105. Kc5 Re4 106. Kb5 Re5+ 107. Ka6 Rxa5+ 108. Kxa5 1/2-1/2

[Event "AI Cup Play In"]
[Site "Chess.com INT"]
[Date "2023.09.18"]
[Round "1"]
[White "Paravyan, David"]
[Black "Kozak, Adam"]
[Result "1/2-1/2"]
[WhiteElo "2599"]
[BlackElo "2566"]
[PlyCount "99"]
[EventDate "2023.09.18"]
[EventType "swiss (rapid)"]
[EventRounds "9"]
[EventCountry "USA"]
[SourceTitle "EXT 2024"]
[Source "ChessBase"]
[SourceDate "2023.10.10"]
[SourceVersion "1"]
[SourceVersionDate "2023.10.10"]
[SourceQuality "1"]

1. e4 e5 2. Nf3 Nc6 3. Bb5 a6 4. Ba4 Nf6 5. 0-0 Be7 6. Re1 b5 7. Bb3 d6 8. c3 0-0 9. h3 Na5 10. Bc2 c5 11. d4 Qc7 12. Nbd2 Nc6 13. d5 Nd8 14. a4 Rb8 15. b3 Ne8 16. Nf1 g6 17. g4 Ng7 18. Ng3 f6 19. Kh2 Nf7 20. Rg1 Bd7 21. a5 b4 22. c4 Kh8 23. Be3 Rbe8 24. Rg2 Ng5 25. Ng1 Qc8 26. Qd2 Bxg4 27. Bxg5 fxg5 28. hxg4 Qxg4 29. Kh1 Qd7 30. Rh2 Rf4 31. f3 Ref8 32. Qg2 Rh4 33. Rf1 Qd8 34. Rxh4 gxh4 35. N3e2 g5 36. Nh3 h6 37. f4 exf4 38. Nexf4 gxf4 39. Nxf4 Kg8 40. e5 dxe5 41. Ne6 Rxf1+ 42. Kh2 Rf2 43. Qxf2 Nxe6 44. dxe6 Qf8 45. Qg2+ Bg5 46. Kh3 Qf6 47. Qa8+ Qf8 48. Qg2 Qf6 49. Qa8+ Qf8 50. Qg2 1/2-1/2

[Event "Titled Tuesday intern op 12th Sep Early"]
[Site "Chess.com INT"]
[Date "2023.09.12"]
[Round "1"]
[White "Kozak, Adam"]
[Black "Hristodoulou, Panagiotis"]
[Result "1-0"]
[WhiteElo "2566"]
[BlackElo "2358"]
[PlyCount "67"]
[EventDate "2023.09.12"]
[EventType "swiss (blitz)"]
[EventRounds "11"]
[EventCountry "USA"]
[SourceTitle "EXT 2024"]
[Source "ChessBase"]
[SourceDate "2023.10.10"]
[SourceVersion "1"]
[SourceVersionDate "2023.10.10"]
[SourceQuality "1"]

1. d4 Nf6 2. c4 e6 3. Nc3 Bb4 4. e3 0-0 5. Bd3 d5 6. a3 Bxc3+ 7. bxc3 dxc4 8. Bxc4 c5 9. Nf3 Qc7 10. Be2 b6 11. Bb2 Bb7 12. c4 cxd4 13. exd4 Nbd7 14. 0-0 Rac8 15. Nd2 Rfd8 16. Re1 Ne4 17. Nxe4 Bxe4 18. Bf1 Bg6 19. Rc1 Nf6 20. Qf3 Qd6 21. h3 Nh5 22. Rcd1 Qf4 23. Qe2 Nf6 24. d5 exd5 25. cxd5 Bh5 26. g4 Bg6 27. Be5 Qa4 28. d6 Ne4 29. Rd4 Qxa3 30. Rxe4 Bxe4 31. Qxe4 a5 32. Bd3 g6 33. Re3 Qc5 34. Qf4 1-0